Comentarios al Código Penal de la República Argentina. parte especial. Arts. 162 a 185 (delitos contra la propiedad) / Volumen 3B. :

Guardado en:
Autor Principal: Basílico, Ricardo.
Otros Autores: Lema, Mariano N., (coord.), Laufer, Pablo., Renaud, Carolina.
Formato: Libro
Idioma:Undetermined
Publicado: Buenos Aires : B de F, 2023.
Edición:1a. ed.
Materias:
Etiquetas: Agregar Etiqueta
Sin Etiquetas, Sea el primero en etiquetar este registro!
LEADER 00793nam a22002175a 4500
001 DER.der014972
008 240405s2023####ag############000#0#und#d
005 20250626141317.0
245 1 0 |a Comentarios al Código Penal de la República Argentina.  |n Volumen 3B. :  |b parte especial. Arts. 162 a 185 (delitos contra la propiedad) /  |c dirigido por Ricardo Basílico; coordinado por Lema, Mariano. 
250 |a 1a. ed. 
260 |a Buenos Aires :  |b B de F,  |c 2023. 
300 |a 498 p. 
020 |a 9789915684030 
100 1 |a Basílico, Ricardo. 
700 1 |a Lema, Mariano N.,  |e coord. 
700 1 |a Wassouf, Ariel,  |e col. 
700 1 |a Laufer, Pablo. 
700 1 |a Renaud, Carolina. 
650 7 |a DERECHO PENAL 
650 7 |a DELITOS CONTRA LA PROPIEDAD 
859 |a DERECHO  |b BIB. DERECHO  |h 345.02  |i BAS  |p 0010306  |3 3B